Penghasilan dan penilaian halaman Web sejarah dunia tingkatan empat /
Saved in:
| 主要作者: | |
|---|---|
| 格式: | Thesis 圖書 |
| 語言: | Malay |
| 出版: |
1997.
|
| 主題: | |
| 在線閱讀: | http://studentsrepo.um.edu.my/id/eprint/964 |
| 標簽: |
添加標簽
沒有標簽, 成為第一個標記此記錄!
|
| LEADER | 01208cam a2200325 a 4500 | ||
|---|---|---|---|
| 001 | u414848 | ||
| 003 | SIRSI | ||
| 008 | 850208s1997 my t 00 10 may m | ||
| 035 | |a ACD-7102 | ||
| 040 | |a UMM | ||
| 043 | |a a-my--- | ||
| 090 | |a D16.255 |b C65Cha | ||
| 091 | |a Microfiche 13626. | ||
| 100 | 1 | 0 | |a Chan, Yuen Fook. |
| 245 | 1 | 0 | |a Penghasilan dan penilaian halaman Web sejarah dunia tingkatan empat / |c Chan Yuen Fook. |
| 260 | |c 1997. | ||
| 300 | |a ix, 172 leaves : |b ill. ; |c 31 cm. | ||
| 500 | |a Microfiche. Kuala Lumpur : University of Malaya Library, 1998. 3 fiches : negative ; 11 x 15 cm. | ||
| 502 | |a Dissertation (M.Ed.) -- Fakulti Pendidikan, Universiti Malaya, 1997. | ||
| 504 | |a Bibliography: leaves 131-135. | ||
| 650 | 0 | |a World history |x Computer-assisted instruction. | |
| 650 | 0 | |a Internet |z Malaysia. | |
| 650 | 0 | |a Web sites |z Malaysia |x Evaluation. | |
| 650 | 0 | |a Web sites |z Malaysia |x Design. | |
| 650 | 0 | |a World Wide Web. | |
| 710 | 2 | 0 | |a Universiti Malaya. |b Fakulti Pendidikan. |
| 856 | 4 | 1 | |u http://studentsrepo.um.edu.my/id/eprint/964 |
| 948 | |a 18/08/1997 |b 28/05/2002 | ||
| 596 | |a 1 | ||
| 999 | |a D16.255 C65CHA |w LC |c 1 |i A507466951 |d 2/4/2001 |l STACKS |m P01UTAMA |n 47 |r Y |s Y |t TESIS |u 16/12/1997 | ||
